| 000 | 01053nam0a22002651 4500 | ||
|---|---|---|---|
| 001 | rc\3605041 | ||
| 005 | 20130115143325.4 | ||
| 021 |
_aRU _bП2368-71 |
||
| 035 | _a(NLR Aleph) 007709273 | ||
| 090 |
_a6832493 _c6832493 |
||
| 100 | _a20130115d1970 |||y0rusy50 ca | ||
| 101 | 0 | _arus | |
| 102 | _aRU | ||
| 105 | _ay z ||||| | ||
| 200 | 1 |
_aПроблемы теории статистики _e[Сборник статей] _f[Под ред. проф. Г.С. Кильдишева] |
|
| 210 |
_aМосква _cБ. и. _d1970 |
||
| 215 |
_a158 с. _d20 |
||
| 225 | 1 | _aМинистерство высшего и среднего специального образования СССР. Московский экономико-статистический институт. Труды Института | |
| 320 | _aБиблиогр. в примеч. | ||
| 702 | 1 |
_aКильдишев _bГ. С. _gГригорий Семенович _4340 |
|
| 801 | 0 |
_aRU _bNLR _gpsbo |
|
| 801 | 1 |
_aRU _bELAR _2rusmarc |
|
| 852 |
_aNLR _j72-3/7681 |
||
| 942 | _cBOOK | ||
| 980 | _aNB | ||